Statistics for 15 Largest Antarctic Islands with a Map

Click here to take the quiz!

General Stats

  • This quiz has been taken 32 times
  • The average score is 5 of 15

Answer Stats

A Island % Correct
2,460Ross
73%
7,910Roosevelt
53%
49,070Alexander
47%
43,873Berkner
40%
15,700Thurston
33%
6,390Siple
33%
8,500Carney
27%
4,463Adelaide
27%
4,100Spaatz
27%
2,598James Ross
27%
2,432Anvers
27%
1,258Mill
27%
1,500Charcot
20%
1,384King George
20%
1,607Joinville
13%

Score Distribution

Percentile by Number Answered

Percent of People with Each Score

Your Score History

You have not taken this quiz